000 00401nam a2200169Ia 4500
003 GCL
008 140319s9999 xx 000 0 eng d
040 _aGCL /
_cGCL
082 0 4 _a597.05
_bW F
100 1 _aWOOTTON, R. J
245 1 0 _aFISH ECOLOGY /
_cWOOTTON, R. J
260 _a[S.N] :
_bCHAPMAN & HALL ،
_c1992
300 _a212 P
650 0 4 _aFISHES
650 0 4 _aECOLOGY
942 _2ddc
_cBK
999 _c23042
_d23042